书目信息 |
| 题名: |
Novell网络与通信技术
|
|
| 作者: | 庄德秀 编著 | |
| 分册: | ||
| 出版信息: | 北京 清华大学出版社 1994.08 |
|
| 页数: | 332页 | |
| 开本: | 16开 | |
| 丛书名: | ||
| 单 册: | ||
| 中图分类: | TP316.83 | |
| 科图分类: | ||
| 主题词: | 软件 | |
| 电子资源: | ||
| ISBN: | 7-302-01631-3 | |
| 000 | 00572nam0 2200193 45 | |
| 001 | 0004181548 | |
| 005 | 20000418152451.4 | |
| 010 | @a7-302-01631-3@d25.00元 | |
| 100 | @a20000418d1994 km y0chiy0120 ea | |
| 101 | @achi | |
| 105 | @a z 000yy | |
| 200 | 1 | @aNovell网络与通信技术@ANovell Wang Luo Yu Tong Xin Ji Shu@f庄德秀等编著@FZhuang De Xiu Deng Bian Zhu |
| 210 | @a北京@c清华大学出版社@d1994.08 | |
| 215 | @a332页@d16开 | |
| 606 | 0 | @a软件 |
| 690 | @aTP316.83@v3 | |
| 701 | @a庄德秀@4编著 | |
| 801 | @aCN@bPftUser@c20000418 | |
| 905 | @f3@b53104-106@dTP316.83@eZH883 | |
| Novell网络与通信技术/庄德秀等编著.-北京:清华大学出版社,1994.08 |
| 332页;16开 |
| ISBN 7-302-01631-3:25.00元 |
| ● |
| 相关链接 |
|
|
|
正题名:Novell网络与通信技术
索取号:TP316.83/ZH883
 
预约/预借
| 序号 | 登录号 | 条形码 | 馆藏地/架位号 | 状态 | 备注 |
| 1 | 53104 | 200531040 | 自科二线504/504自科库 30排2列1层/ [索取号:TP316.83/ZH883] | 在馆 | |
| 2 | 53105 | 200531059 | 自科二线504/504自科库 30排4列4层/ [索取号:TP316.83/ZH883] | 在馆 | |
| 3 | 53106 | 200531068 | 自科二线404/404自科库 18排3列4层/ [索取号:TP316.83/ZH883] | 在馆 |